|
|
|
|
| LEADER |
00000cam a2200000 7i4500 |
| 001 |
0000006474 |
| 002 |
000006986 |
| 005 |
20000330.0 |
| 020 |
|
|
|a 983622534X
|
| 090 |
0 |
0 |
|a F
|b AME
|
| 100 |
0 |
|
|a Amelia Hashim
|
| 245 |
1 |
0 |
|a Di pinggir ceria
|c Amelia Hashim
|
| 260 |
|
|
|a Kuala Lumpur :
|b DBP ,
|c 1991
|
| 300 |
|
|
|a 180 p. ;
|c 18 cm.
|
| 490 |
0 |
|
|a Novel Remaja
|
| 650 |
0 |
0 |
|a General fiction, Malay
|
| 999 |
|
|
|a 039604
|b BUKU
|c PINJAMAN
|e PERPUSTAKAAN KOMUNITI PETALING JAYA
|
| 999 |
|
|
|a 039815
|b BUKU
|c PINJAMAN
|e PERPUSTAKAAN KOMUNITI PETALING JAYA
|
| 999 |
|
|
|a 039816
|b BUKU
|c PINJAMAN
|e PERPUSTAKAAN KOMUNITI PETALING JAYA
|